000 00727nam a2200193Ii 4500
003 JO-AjNU
008 230605s9999||||xx |||||||||||||| ||und||
040 _aJO-AjNU
_bara
_erda
_cJO-AjNU
041 _aara
050 1 4 _aHV 8738.G36 1988
100 3 _aتأليف: غانم، عبدالله عبد الغني,
_eauthor
_913060
245 0 0 _aسجن النساء : دراسة انثروبولوجية
264 3 1 _aالاسكندرية: المكتب الجامعي الحديث، 1988
300 _a294ص
_bيحتوي على ببلوغرافية من 287-294ص
336 _atext
_btxt
_2rdacontent
337 _aunmediated
_bn
_2rdamedia
338 _avolume
_bnc
_2rdacarrier
650 4 _aسجون - النساء - مصر
_913061
999 _aA3152
_c6720
_d6720